The complete parallel Bible : (Record no. 7130)
[ view plain ]
| 000 -LEADER | |
|---|---|
| fixed length control field | 00732cam a2200181 a 4500 |
| 001 - CONTROL NUMBER | |
| control field | 1189195 |
| 005 - DATE AND TIME OF LATEST TRANSACTION | |
| control field | 20250724090925.0 |
| 008 - FIXED-LENGTH DATA ELEMENTS--GENERAL INFORMATION | |
| fixed length control field | 970611s1993 nyu 000 0 eng |
| 020 ## - INTERNATIONAL STANDARD BOOK NUMBER | |
| International Standard Book Number | 019528318X |
| 050 00 - LIBRARY OF CONGRESS CALL NUMBER | |
| Classification number | BS125 |
| Item number | 1993 |
| 082 00 - DEWEY DECIMAL CLASSIFICATION NUMBER | |
| Classification number | 220.5/2 |
| Edition information | 21 |
| 245 14 - TITLE STATEMENT | |
| Title | The complete parallel Bible : |
| Remainder of title | containing the Old and New Testaments with the Apocryphal/Deuterocanonical books : New Revised Standard Version, Revised English Bible, New American Bible, New Jerusalem Bible. |
| 260 ## - PUBLICATION, DISTRIBUTION, ETC. | |
| Place of publication, distribution, etc. | New York : |
| Name of publisher, distributor, etc. | Oxford University Press, |
| Date of publication, distribution, etc. | c1993. |
| 300 ## - PHYSICAL DESCRIPTION | |
| Extent | xlii, 3247 p. ; |
| Dimensions | 24 cm. |
| 710 2# - ADDED ENTRY--CORPORATE NAME | |
| Corporate name or jurisdiction name as entry element | Oxford University Press. |
| 856 42 - ELECTRONIC LOCATION AND ACCESS | |
| Materials specified | Publisher description |
| Uniform Resource Identifier | <a href="http://www.loc.gov/catdir/enhancements/fy0636/97160485-d.html">http://www.loc.gov/catdir/enhancements/fy0636/97160485-d.html</a> |
| 942 ## - ADDED ENTRY ELEMENTS (KOHA) | |
| Source of classification or shelving scheme | Library of Congress Classification |
| Koha item type | Books |
| Suppress in OPAC | No |
| 999 ## - | |
| -- | 7130 |
| -- | 7130 |
| Withdrawn status | Lost status | Source of classification or shelving scheme | Damaged status | Not for loan | Collection | Home library | Current library | Shelving location | Date acquired | Total checkouts | Full call number | Barcode | Date last seen | Copy number | Price effective from | Koha item type |
|---|---|---|---|---|---|---|---|---|---|---|---|---|---|---|---|---|
| Library of Congress Classification | Reference | Undergraduate Library (Christ Temple) | Undergraduate Library (Christ Temple) | General stacks | 07/24/2025 | REF BS125 COM | ulct00004107 | 07/24/2025 | 1 | 07/24/2025 | Books |